| 000 | 00829nas a2200277 4500 | ||
|---|---|---|---|
| 001 | BR0300540 | ||
| 003 | BR-BrBNA | ||
| 005 | 20231205103536.0 | ||
| 007 | ta | ||
| 008 | 230509b bl.|||p| |||| 00| 00por d | ||
| 040 |
_aBR-BrBNA _bpor _cBiblioteca Nacional de Agricultura |
||
| 041 | _a(Es) | ||
| 072 | _aF40; F70 | ||
| 100 | 1 | _aMostacedo, B. | |
| 100 | 1 | _aToledo, M. | |
| 100 | 1 | _aFredericksen, T.S. | |
| 245 | 1 | _aLa vegetación de las lajas en la región de Lomerío, Santa Cruz, Bolívia | |
| 650 | _aESPÉCIE NATIVA | ||
| 650 | _aECOLOGIA VEGETAL | ||
| 650 | _aCOMPOSIÇÃO BOTÂNICA | ||
| 650 | _aVARIEDADE | ||
| 650 | _aFLORESTA TROPICAL | ||
| 773 | 0 |
_tActa Amazônica (Brazil) _xISSN 0044-5967 _g(Mar 2001), v. 31(1) p. 11-24 _wBR0300540 |
|
| 909 |
_a202311 _bLúcia _c55 _dLúcia Elande |
||
| 942 |
_2AGRIS _n0 _cANA |
||
| 999 |
_c173415 _d173415 |
||